Text Book of International HRM (Record no. 3078)
[ view plain ]
| 000 -LEADER | |
|---|---|
| fixed length control field | 00332nam a2200145Ia 4500 |
| 008 - FIXED-LENGTH DATA ELEMENTS--GENERAL INFORMATION | |
| fixed length control field | 191201s2008 xx 000 0 und d |
| 082 ## - DEWEY DECIMAL CLASSIFICATION NUMBER | |
| Classification number | 658.3 |
| Item number | GUT |
| 100 ## - MAIN ENTRY--PERSONAL NAME | |
| Personal name | GUPTA, S C |
| 245 #0 - TITLE STATEMENT | |
| Title | Text Book of International HRM |
| 250 ## - EDITION STATEMENT | |
| Edition statement | 1st |
| 260 ## - PUBLICATION, DISTRIBUTION, ETC. (IMPRINT) | |
| Place of publication, distribution, etc | N.Delhi |
| Name of publisher, distributor, etc | Macmillan |
| Date of publication, distribution, etc | 2008 |
| 300 ## - PHYSICAL DESCRIPTION | |
| Extent | 246 |
| 650 ## - SUBJECT ADDED ENTRY--TOPICAL TERM | |
| Topical term or geographic name as entry element | MBA |
| 942 ## - ADDED ENTRY ELEMENTS (KOHA) | |
| Source of classification or shelving scheme | Dewey Decimal Classification |
| Koha item type | Text Books |
| Withdrawn status | Lost status | Source of classification or shelving scheme | Damaged status | Not for loan | Collection code | Home library | Current library | Date acquired | Source of acquisition | Cost, normal purchase price | Bill Number | Total Checkouts | Full call number | Acc. no. / Barcode | Date last seen | Bill Date | Koha item type |
|---|---|---|---|---|---|---|---|---|---|---|---|---|---|---|---|---|---|
| Dewey Decimal Classification | MBA | PIET C-LIBRARY | PIET C-LIBRARY | 22/08/2007 | J B C, New Delhi | 225.00 | 720 | 658.3 GUT | 7280 | 04/12/2019 | 30/07/2007 | Text Books | |||||
| Dewey Decimal Classification | MBA | PIET C-LIBRARY | PIET C-LIBRARY | 22/08/2007 | J B C, New Delhi | 225.00 | 720 | 658.3 GUT | 7281 | 04/12/2019 | 30/07/2007 | Text Books | |||||
| Dewey Decimal Classification | MBA | PIET C-LIBRARY | PIET C-LIBRARY | 22/08/2007 | J B C, New Delhi | 225.00 | 720 | 658.3 GUT | 7282 | 04/12/2019 | 30/07/2007 | Text Books | |||||
| Dewey Decimal Classification | MBA | PIET C-LIBRARY | PIET C-LIBRARY | 22/08/2007 | J B C, New Delhi | 225.00 | 720 | 658.3 GUT | 7283 | 04/12/2019 | 30/07/2007 | Text Books | |||||
| Dewey Decimal Classification | MBA | PIET C-LIBRARY | PIET C-LIBRARY | 22/08/2007 | J B C, New Delhi | 225.00 | 720 | 658.3 GUT | 7284 | 04/12/2019 | 30/07/2007 | Text Books | |||||
| Dewey Decimal Classification | MBA | PIET C-LIBRARY | PIET C-LIBRARY | 22/08/2007 | J B C, New Delhi | 225.00 | 720 | 658.3 GUT | 7285 | 04/12/2019 | 30/07/2007 | Text Books |